00942cam a22002777a 4500001001000000003000500010005001700015008004100032010001000073011001000083035001000093040000900103100003500112245007200147260014900219300002400368410001900392490003700411650003100448650002500479650004200504700003600546700002600582810001900608830003700627000062943CHAP20241029062658.0971013s1995 r 00010 d a61870 a62842 a67018 cCHAP10aMuñoz Rodríguez, Manrrubio10aRetos y oportunidades del sistema leche ante la apertura comercial. aChapingo, Méx. :bUACH. Centro de Investigaciones Económicas, Sociales y Tecnológicas de la Agroindustria y la Agricultura Mundial,c1995. a53 p. :b: gráfs. aUACH. CIESTAAM1 aReporte de investigaciónv; 2314aLechexMercadeozTlaxcala.14aLechexProducción.14aTratado Trilateral de Libre Comercio.1 aAltamirano Cárdenas, J. Reyes0 aOdermatt Burry, Pius.0 aUACh. CIESTAAM0 aReporte de investigaciónv; 23